Лінгвокультурні та національно-ментальні особливості мови англійської реклами у друкованих засобах масової інформації (Запис № 285005)

МАРК-запис
000 -LEADER
fixed length control field 01526nam a22001577a 4500
041 ## - LANGUAGE CODE
Language code of text/sound track or separate title ukr
080 ## - UNIVERSAL DECIMAL CLASSIFICATION NUMBER
Universal Decimal Classification number 09
090 ## - LOCALLY ASSIGNED LC-TYPE CALL NUMBER (OCLC); LOCAL CALL NUMBER (OCLC)
Local cutter number (OCLC) ; Book number/undivided call number, CALL (RLIN) КОВ
100 ## - MAIN ENTRY--PERSONAL NAME
Personal name Ковальчук Н. Ю.
245 ## - TITLE STATEMENT
Title Лінгвокультурні та національно-ментальні особливості мови англійської реклами у друкованих засобах масової інформації
260 ## - PUBLICATION, DISTRIBUTION, ETC. (IMPRINT)
Place of publication, distribution, etc Острог
Name of publisher, distributor, etc КАФ
Date of publication, distribution, etc 2012
300 ## - PHYSICAL DESCRIPTION
Extent 74
520 ## - SUMMARY, ETC.
Summary, etc РОЗДІЛ 1 ОСОБЛИВОСТІ РЕКЛАМИ ТА РЕКЛАМНОГО ТЕКСТУ<br/>1.1 Поняття "реклама". Її види, сутність та цілі<br/>1.2 Загальна характеритсика та класифікація рекламних текстів<br/>РОЗДІЛ 2 НАЦІОНАЛЬНО-МЕНТАЛЬНІ ОСОБЛИВОСТІ МОВИ АНГЛОМОВНОГО РЕКЛАМНОГО ТЕКСТУ<br/>2.1 Поняття менталітет у контексті лінгвокультурології<br/>2.2 Функції ментальності та рекламна комунікація<br/>РОЗДІЛ 3 МОВА РЕКЛАМИ ТА ЇЇ ОСОБЛИВОСТІ<br/>3.1 Особливості вживання рекламної лексики<br/>3.2 Гіпербола в англомовних друкованих текстах<br/>3.3 Основні засоби словотворення в рекламній лексиці
-- Реклама, менталітет
650 ## - SUBJECT ADDED ENTRY--TOPICAL TERM
Topical term or geographic name as entry element Research Papers
942 ## - ADDED ENTRY ELEMENTS (KOHA)
Koha item type Книги
Фонди
Withdrawn status Lost status Source of classification or shelving scheme Damaged status Not for loan Home library Current library Date acquired Source of acquisition Cost, normal purchase price Total Checkouts Full call number Barcode Date last seen Price effective from Koha item type
    Universal Decimal Classification     ВІЛ - Відділ іноземн. літератури НБ ВІЛ - Відділ іноземн. літератури НБ 18/09/2012 Акт №5 1.00   09 215056 09/11/2021 18/09/2012 Книги